000 00616pam a2200229 a 4500
001 3277584
005 20180206074049.0
008 820316s1983 njua b 001 0 eng
010 _a 82005246
020 _a0134528050 :
_c$21.95
040 _aDLC
_cDLC
_dDLC
041 _aeng
043 _an-us---
080 _a658.5 evr
082 0 0 _a658.5 evr
_219
100 1 _a54
101 _aman
245 1 0 _aImproving productivity and effectiveness /
_cMarvin E. Mundel.
504 _aIncludes bibliographical references and index.
906 _a7
_bcbc
_corignew
_d1
_eocip
_f19
_gy-gencatlg
942 _2ddc
_cBK
999 _c41927
_d41927